Vincitori della PL dal 1888 al 2025 #5 - Statistics

Statistiche generali
  • Questo quiz è stato fatto 21 volte
  • Il punteggio medio è 20 su 22
Statistiche sulle risposte
Stagione Squadra % Corretto
2003/04 Arsenal
100%
2014/15 Chelsea
100%
2016/17 Chelsea
100%
2015/16 Leicester
100%
2019/20 Liverpool
100%
2024/25 Liverpool
100%
2017/18 Manchester City
100%
2018/19 Manchester City
100%
2020/21 Manchester City
100%
2021/22 Manchester City
100%
2022/23 Manchester City
100%
2023/24 Manchester City
100%
2006/07 Manchester United
100%
2008/09 Manchester United
100%
2005/06 Chelsea
95%
2011/12 Manchester City
95%
2004/05 Chelsea
90%
2009/10 Chelsea
86%
2007/08 Manchester United
76%
2013/14 Manchester City
67%
2010/11 Manchester United
67%
2012/13 Manchester United
67%
Nessun quiz corrispondente trovato
Distribuzione punteggi
Percentuale di utenti per punteggio
Percentile per numero di risposta
I tuoi punteggi nel tempo
Non hai fatto questo quiz